| 000 | 00499nam a2200157 a 4500 | ||
|---|---|---|---|
| 001 | 000040609 | ||
| 003 | DO-SdBNP | ||
| 005 | 20250714140005.0 | ||
| 008 | 130903s1999 dr 000 0 spa d | ||
| 040 |
_aDO-SdBNP _bspa _cBNPHU |
||
| 245 | 0 | 0 | _aMonedas y sellos conmemorativos en la Restauración de la república. |
| 260 |
_aSanto Domingo : _bMuseo Numismático y filatélico, _c1999. |
||
| 300 |
_a9 p. ; _c21 cm. |
||
| 710 | 2 |
_aBanco Central de la República Dominicana _983405 |
|
| 942 |
_2ddc _cLBS1 |
||
| 999 |
_c40099 _d40099 |
||